01011nam a2200265Ia 450000500170000000800410001702000180005810000220007624500860009825000240018430000610020849000650026952100450033465000500037965000480042965000390047765000360051670000230055226400360057533600270061133700330063833800280067104000350069908400110073420220317001645.0161213s2016 ck a g 000 0 spa  a97895814147271 aSchössow, Peter10aÑam!ctexto e ilustraciones por Peter Schössow ; versión de Ester Sebastian aEdición especial  a[24] páginas sin numerarbilustraciones a colorc16 cm aPlan Nacional de Lectura y Escritura Leer es mi Cuento. 2016 aRecomendado para niños de 0 a 2 años142LEMBaÁlbumes infantiles alemanesySiglo XX142LEMBaLiteratura infantil alemanaySiglo XX142LEMBaDinosaurios en la literatura142LEMBaConducta en la literatura1 aSebastián, Ester aBogotábPlaza & Janésc2016 atextobtxt2rdacontent asin mediaciónbn2rdamedia avolumenbnc2rdacarrier aCO-BoRNBPbspaerdacCO-BoRNBP aA SCH7